<?xml version="1.0" encoding="UTF-8"?>
<record
    xmlns:xsi="http://www.w3.org/2001/XMLSchema-instance"
    xsi:schemaLocation="http://www.loc.gov/MARC21/slim http://www.loc.gov/standards/marcxml/schema/MARC21slim.xsd"
    xmlns="http://www.loc.gov/MARC21/slim">

  <leader>01395nam a22001697a 4500</leader>
  <controlfield tag="003">IT-RoPau</controlfield>
  <controlfield tag="005">20220918181222.0</controlfield>
  <controlfield tag="008">141006b        xxu||||| |||| 00| 0 eng d</controlfield>
  <datafield tag="040" ind1=" " ind2=" ">
    <subfield code="c">IT-RoPau</subfield>
  </datafield>
  <datafield tag="100" ind1=" " ind2=" ">
    <subfield code="a">Istituto Regina Apostolorum (Apostoline)</subfield>
    <subfield code="9">34000</subfield>
  </datafield>
  <datafield tag="245" ind1=" " ind2=" ">
    <subfield code="a">Se vuoi... - 1978</subfield>
    <subfield code="b">Vieni e seguimi</subfield>
  </datafield>
  <datafield tag="260" ind1=" " ind2=" ">
    <subfield code="a">Castelgandolfo (Roma)</subfield>
    <subfield code="b">Istituto Regina Apostolorum (Apostoline)</subfield>
    <subfield code="c">1978</subfield>
  </datafield>
  <datafield tag="300" ind1=" " ind2=" ">
    <subfield code="c">18,5 cm</subfield>
  </datafield>
  <datafield tag="490" ind1=" " ind2=" ">
    <subfield code="a">Se vuoi...</subfield>
    <subfield code="v">Anno XIX - 1978</subfield>
  </datafield>
  <datafield tag="520" ind1=" " ind2=" ">
    <subfield code="a">Indice
Anno XIX &#x2013; n. 1
G. Verani &#x2013; G. Muraro &#x2013; E. Gatti &#x2013; A. Del Monte &#x2013; E. Balducci &#x2013; M. D. &#x2013; G. Valentini &#x2013; C. Carlevaris &#x2013; B. Cadorin &#x2013; M. P.
Anno XIX &#x2013; n. 2
G. Verani &#x2013; B. Maggioni &#x2013; E. Gatti &#x2013; A. Atlana &#x2013; I. Castellani &#x2013; M. D. &#x2013; S. Garello &#x2013; M.P. Tripoli -  E. Tuccillo &#x2013; P. Laratore &#x2013; B. Cadorin &#x2013; M. P.
Anno XIX &#x2013; n. 3
G. Verani &#x2013; A. Altana &#x2013; I. Castellani &#x2013; M. D. &#x2013; B. Olivier &#x2013; B. Cadorin &#x2013; M. P.
Anno XIX &#x2013; n. 4
D.  Mongillo &#x2013; E. Gatti &#x2013; A. Altana &#x2013; D. Spoletini &#x2013; B. Cadorin &#x2013; M. P.
Anno XIX &#x2013; n. 5
G. Verani &#x2013; L. Sartori &#x2013; E. Gatti &#x2013; I. Castellani &#x2013; M. D. &#x2013; A. Altana &#x2013; J. Gross &#x2013; M. Della Valle &#x2013; G. Ginasi &#x2013; R. F. Esposito &#x2013; A. e G. Ceragioli &#x2013; M. P.
Anno XIX &#x2013; n. 6
G. Verani &#x2013; E. Gatti &#x2013; I. Castellani &#x2013; A. Altana &#x2013; A. Chieregatti &#x2013; M. D. &#x2013; F. Cagnasso &#x2013; B. Cadorin &#x2013; M. P.
</subfield>
  </datafield>
  <datafield tag="942" ind1=" " ind2=" ">
    <subfield code="2">ddc</subfield>
    <subfield code="c">BK</subfield>
  </datafield>
  <datafield tag="999" ind1=" " ind2=" ">
    <subfield code="c">104518</subfield>
    <subfield code="d">104518</subfield>
  </datafield>
  <datafield tag="952" ind1=" " ind2=" ">
    <subfield code="0">0</subfield>
    <subfield code="1">0</subfield>
    <subfield code="2">ddc</subfield>
    <subfield code="4">0</subfield>
    <subfield code="6">P_E2</subfield>
    <subfield code="7">1</subfield>
    <subfield code="a">PAULUS</subfield>
    <subfield code="b">PAULUS</subfield>
    <subfield code="d">2014-10-06</subfield>
    <subfield code="l">0</subfield>
    <subfield code="o">P E2</subfield>
    <subfield code="r">2014-10-06 00:00:00</subfield>
    <subfield code="w">2014-10-06</subfield>
    <subfield code="y">BK</subfield>
  </datafield>
</record>
